|
|
|
|
| LEADER |
01354njm a2200433 a 4500 |
| 001 |
000475977 |
| 003 |
CZ BrMZK |
| 005 |
19990305143423.0 |
| 008 |
990305s1999 xr f cze d |
| 028 |
0 |
3 |
|a 54 368-4
|b Popron Music
|
| 040 |
|
|
|a BOA001
|b cze
|
| 080 |
|
|
|a 784.4.03"199"(086.7)
|2 MRF
|
| 110 |
2 |
|
|a Arakain (hudební skupina)
|7 kn20010709235
|4 prf
|
| 245 |
1 |
0 |
|a Farao
|h [zvukový záznam] /
|c Arakain.
|
| 246 |
3 |
3 |
|a Už ho vezou
|
| 246 |
3 |
3 |
|a Zkouším se zvednout
|
| 246 |
3 |
3 |
|a Šeherezád II
|
| 246 |
3 |
3 |
|a Řízená střela
|
| 246 |
3 |
3 |
|a Do zdi
|
| 246 |
3 |
3 |
|a Farao
|
| 246 |
3 |
3 |
|a Global street debil
|
| 246 |
3 |
3 |
|a God save the Araqueen
|
| 246 |
3 |
3 |
|a Já nejsem já
|
| 246 |
3 |
3 |
|a Madam tasemnice
|
| 246 |
3 |
3 |
|a Millenium
|
| 246 |
3 |
3 |
|a Mám to za pár
|
| 246 |
3 |
3 |
|a Rajské zahrady
|
| 246 |
3 |
3 |
|a Uhoněnej
|
| 260 |
|
|
|a Praha :
|b Popron Music,
|c p1999
|
| 300 |
|
|
|a 1 MC :
|b Dolby systém +
|e 1 složený list. .
|
| 500 |
|
|
|a Texty písní v doprovod. mater.
|
| 500 |
|
|
|a Nahr. 1999
|
| 500 |
|
|
|a Durata neuv
|
| 505 |
2 |
|
|a Už ho vezou, Mám to za pár, Global street debil ... [et al.]
|
| 653 |
0 |
|
|a rocková hudba
|
| 910 |
|
|
|a BOA001
|b KZ-0008.583
|
| 964 |
|
|
|a Hudba rocková
|z stol.20.,léta 90.
|x MC
|
| 990 |
|
|
|a AV
|
| 996 |
6 |
|
|b 261H009267
|c KZ-0008.583
|l MZK
|r Sklad / do 24 hodin
|n 0
|p p.v.
|w 000475977
|u 000010
|a 1
|e BOA001
|j MZK50
|s P
|